01207nam a2200265 a 450000100060000000300080000600500170001400800410003102000160007203500190008804000270010704100090013408200290014310000630017224502030023525000230043826001110046130000460057249000520061850500810067065000420075165000360079370000600082983000520088940707BD-RjUL20211209053252.0160509s1980 bg ||||| |||| 00| 0 ben d c: TK 20.00  a(BD-RjUL)40822 aBD-RjULbben cBD-RjUL aben  223 a297.648 bNAS 1980 1 aনদভী, মঈন উদ্দীন সাহেব10aসাহাবা চরিত : ১ /cমূল: উর্দূ সংকলন : মঈন উদ্দীন সাহেব নদভী ; অনুবাদ: আখতার ফারুক  a২য় সং.  aঢাকা :bইসলামিক ফাউণ্ডেশন বাংলাদেশ c১৯৮০  aপার্ট ; c২১ সেমি.  aই. ফা. প্রকাশনা ;v৩৪0 aপার্ট-১, খোলাফায়ে রাশেদীন -- aসাহাবা xজীবনী  aSahaba (Companions) xBiography aফারুক, আখতার, অনুবাদক aই. ফা. প্রকাশনা ;v৩৪